|
|
|
|
| LEADER |
00000nam0a2200000 4500 |
| 001 |
366628 |
| 005 |
20231102011912.0 |
| 035 |
|
|
|a (RuTPU)RU\TPU\retro\23991
|
| 090 |
|
|
|a 366628
|
| 100 |
|
|
|a 20220214d1979 km y0rusy50 ca
|
| 101 |
0 |
|
|a rus
|
| 102 |
|
|
|a RU
|
| 105 |
|
|
|a y z 001zy
|
| 200 |
1 |
|
|a Философия и социальный прогресс. Анализ современных буржуазных концепций социального прогресса
|f М. В. Митин
|g Академия наук СССР
|
| 210 |
|
|
|a Москва
|c Наука
|d 1979
|
| 215 |
|
|
|a 231 с.
|
| 320 |
|
|
|a Библиография в ссылках
|
| 606 |
1 |
|
|a Социальный прогресс
|x Социальнаф философия
|2 stltpush
|3 (RuTPU)RU\TPU\subj\55697
|9 73705
|
| 610 |
1 |
|
|a философские проблемы
|
| 610 |
1 |
|
|a буржуазные концепции
|
| 610 |
1 |
|
|a анализ
|
| 610 |
1 |
|
|a буржуазная идеология
|
| 610 |
1 |
|
|a марксизм-ленинизм
|
| 610 |
1 |
|
|a политика
|
| 610 |
1 |
|
|a социальное развитие
|
| 686 |
|
|
|a Ю632.89
|v LBC/SL-A
|2 rubbk
|
| 700 |
|
1 |
|a Митин
|b М. В.
|g Марк Борисович
|
| 712 |
0 |
2 |
|a Академия наук СССР
|c (Ленинград/Москва)
|c (1925-1991)
|2 stltpush
|3 (RuTPU)RU\TPU\col\722
|9 23473
|
| 801 |
|
1 |
|a RU
|b 63413507
|c 20220214
|
| 942 |
|
|
|c BK
|